| 000 | 01010cab a22002415a 4500 | ||
|---|---|---|---|
| 001 | L158993 | ||
| 008 | 141204e2015 xxk 000 0 eng d | ||
| 035 | _a(Sirsi) u158993 | ||
| 041 | 0 | _aeng | |
| 110 | 2 |
_aRoyal Institution of Chartered Surveyors _94900 |
|
| 245 | 0 | 0 |
_aAutumn Statement 2015 _bour full response _h[electronic resource] |
| 260 | _c2015 | ||
| 490 | _aRICS Press Release | ||
| 520 | _aOutlines RICS response to the measures announced in the Autumn 2015 statement includes changes to affordable housing, infrastructure investments, construction skills shortage, the view in Northern Ireland, the view in Scotland, the view from Wales. | ||
| 590 | _aKA | ||
| 650 | 2 | 4 |
_aAffordable housing _96215 |
| 651 | 4 |
_aUnited Kingdom _y |
|
| 690 | _aFinance and taxation | ||
| 690 |
_aInfrastructure _96246 |
||
| 690 | _aCONSTRUCTION | ||
| 856 | 4 | 0 |
_uhttps://www.rics.org/Global/Autumn%20statement%20our%20full%20response.pdf _zView the item free of charge from the www.rics.org website |
| 942 | _n0 | ||
| 999 |
_c84758 _d84758 |
||